| Tag |
First Indicator |
Second Indicator |
Subfields |
| LEADER |
00000cam a2200000 a 4500 |
| 001 |
in00000011497 |
| 005 |
20150731105934.0 |
| 008 |
860701s1987 nyua b 001 0 eng |
| 010 |
|
|
|a 86017950
|
| 035 |
|
|
|a (OCoLC)ocm13946448
|
| 035 |
|
|
|a (OCoLC)13946448
|
| 035 |
|
|
|9 AAA6183AM
|
| 040 |
|
|
|a DLC
|b eng
|c DLC
|d FIL
|d UKM
|d MUQ
|d BAKER
|d NLGGC
|d TBS
|d BTCTA
|d YDXCP
|d OCLCG
|d FER
|d DEBBG
|d ZWZ
|d OCLCQ
|d BDX
|d MCW
|d GBVCP
|d OCLCF
|d OCLCQ
|d TXA
|
| 015 |
|
|
|a GB8838648
|2 bnb
|
| 019 |
|
|
|a 18071393
|
| 020 |
|
|
|a 019504276X
|q (alk. paper)
|
| 020 |
|
|
|a 9780195042764
|q (alk. paper)
|
| 020 |
|
|
|a 0195042778
|q (pbk.)
|
| 020 |
|
|
|a 9780195042771
|q (pbk.)
|
| 035 |
|
|
|a (OCoLC)13946448
|z (OCoLC)18071393
|
| 050 |
0 |
0 |
|a QC174.8
|b .C47 1987
|
| 082 |
0 |
0 |
|a 530.1/3
|2 19
|
| 084 |
|
|
|a 33.26
|2 bcl
|
| 084 |
|
|
|a PHY 057f
|2 stub
|
| 084 |
|
|
|a UG 3100
|2 rvk
|
| 084 |
|
|
|a UG 3500
|2 rvk
|
| 084 |
|
|
|a VE 6000
|2 rvk
|
| 084 |
|
|
|a VE 6001
|2 rvk
|
| 084 |
|
|
|a 33.25
|2 bcl
|
| 049 |
|
|
|a TXAM
|
| 100 |
1 |
|
|a Chandler, David,
|d 1944-
|
| 245 |
1 |
0 |
|a Introduction to modern statistical mechanics /
|c David Chandler.
|
| 260 |
|
|
|a New York :
|b Oxford University Press,
|c 1987.
|
| 300 |
|
|
|a xiii, 274 pages :
|b illustrations ;
|c 25 cm
|
| 336 |
|
|
|a text
|b txt
|2 rdacontent
|
| 337 |
|
|
|a unmediated
|b n
|2 rdamedia
|
| 338 |
|
|
|a volume
|b nc
|2 rdacarrier
|
| 504 |
|
|
|a Includes bibliographical references and index.
|
| 505 |
0 |
|
|a Thermodynamics, fundamentals -- Conditions for equilibrium and stability -- Statistical mechanics -- Non-interacting (ideal) systems -- Statistical mechanical theory of phase transitions -- Monte Carlo method in statistical mechanics -- Classical fluids -- Statistical mechanics of non-equilibrium systems.
|
| 520 |
|
|
|a "[This] book contains concise explanations of such fundamentals as the connection between measurements and ensemble averages, discussions of equilibrium fluctuations and stability criteria, and the utility of Legendre transforms. It also explores many of the traditional elementary applications of statistical mechanics. Most importantly, it treats the principles and basic methods of time correlation functions (including the fluctuation-dissipation theorem and the Langevin equation), renormalization group theory, Monte Carlo simulations, and liquid structure."--Back cover.
|
| 650 |
|
0 |
|a Statistical mechanics.
|
| 650 |
|
0 |
|a Statistical thermodynamics.
|
| 650 |
|
0 |
|a Chemistry, Physical and theoretical.
|
| 994 |
|
|
|a C0
|b TXA
|
| 948 |
|
|
|a cataloged
|b h
|c 2015/7/31
|d c
|e jlanham
|f 10:59:28 am
|
| 999 |
f |
f |
|s d1fa220f-c798-375b-8a44-c2fc2bbbe573
|i 27e3b042-b1c4-3025-8ea3-a6346e42461c
|t 0
|
| 952 |
f |
f |
|p 4_hour
|a Texas A&M University
|b College Station
|c Sterling C. Evans Library
|d Evans: Media and Reserves (Evans 1st floor)
|t 0
|e QC174.8 .C47 1987
|h Library of Congress classification
|i unmediated -- volume
|m A14843145906
|
| 952 |
f |
f |
|p normal
|a Texas A&M University
|b College Station
|c Sterling C. Evans Library
|d Evans: Library Stacks
|t 0
|e QC174.8 .C47 1987
|h Library of Congress classification
|i unmediated -- volume
|m A14812636369
|
| 998 |
f |
f |
|a QC174.8 .C47 1987
|t 0
|l Evans: Library Stacks
|
| 998 |
f |
f |
|a QC174.8 .C47 1987
|t 0
|l Evans: Library Stacks
|